| 000 | 00867nam0a22002651 4500 | ||
|---|---|---|---|
| 001 | rc\3770886 | ||
| 005 | 20250530043302.0 | ||
| 021 |
_aRU _bРг3943-77 |
||
| 021 |
_aRU _b77-ОКЭ-20/8 |
||
| 035 | _a(NLR Aleph) 007220496 | ||
| 090 |
_a7696024 _c7696024 |
||
| 100 | _a20120127d1975 |||y0rusy50 ca | ||
| 101 | 0 | _arus | |
| 102 | _aRU | ||
| 105 | _ay z ||||| | ||
| 200 | 1 |
_aПособие по немецкому языку для естественных факультетов _fМ-во прос. РСФСР. Моск. обл. пед. ин-т им. Н.К. Крупской |
|
| 210 |
_aМосква _cБ. и. _d1975 |
||
| 215 |
_a103 с. _d21 |
||
| 700 | 1 |
_aБабич _bН.Н. _gНина Николаевна |
|
| 701 | 1 |
_aНамиот _bЕ.Ю. |
|
| 801 | 0 |
_aRU _bNLR _gpsbo |
|
| 801 | 1 |
_aRU _bELAR _2rusmarc |
|
| 852 |
_aNLR _j77-3/2627 |
||
| 942 | _cBOOK | ||
| 980 | _aNB | ||